00314pam a2200121 a 4500020002000000041000800020082001700028100001500045245005500060260005100115300000900166653001700175 a81-239-0969-1c aeng a574.192bVAR aVarley, H. aPractical Clinical BiochemistryhTextual Documents aNew DelhibCBS Publishers & Distributorsc2005 a802. aBiochemistry